000 00716cam a2200241 a 4500
020 _a9781405198172 (pbk. : alk. paper)
020 _a1405198176 (pbk. : alk. paper)
040 _cDLC
082 0 0 _a362 WIL 2011 C156 Or.
245 0 0 _aABC of clinical leadership /
260 _aChichester, West Sussex, UK :
_bWiley-Blackwell, BMJ Books,
_c2011.
300 _aviii, 78 p. :
_bcol. ill. ;
_c28 cm.
490 1 _aABC series
650 0 _aHealth services administration.
650 0 _aHealth care teams
650 0 _aPhysician executives.
650 1 2 _aClinical Medicine
650 2 2 _aLeadership
650 2 2 _aPhysician Executives
700 1 _aSwanwick, Tim.
700 1 _aMcKimm, Judy.
942 _cAEDBB
999 _c18950
_d18950